00474cam a2200169 a 450000100100000000500170001000800410002703500190006804000230008708200170011010000310012724500510015826000300020930000210023965000200026065000240028000001820120200929165411.0770812s1976 fr 000 f fre d a(DLC) 77467150 aDO-SdBNPcDLCdDLC a896.2bB456r1 aBen Jelloun, Tahar,d1944-13aLa Réclusion solitaire /cTahar Ben Jelloun. aParís :bDenoel,c1976. a136 p. ;c20 cm. 4aNovela marroqui 4aLiteratura marroqui